| 000 | 00952 a2200205 4500 | ||
|---|---|---|---|
| 003 | Nust | ||
| 005 | 20221117184616.0 | ||
| 010 | _a 2001023488 | ||
| 020 | _a0130916218 | ||
| 040 | _cNust | ||
| 082 | 0 | 0 | _a621.380413,KEN |
| 100 | 1 |
_aKennedy, Genorge _9102983 |
|
| 245 | 1 | 0 |
_aElectronic communication systems / _cGeorge Kennedy and Bernard Davis |
| 250 | _a4th ed. | ||
| 260 |
_aUpple Saddle River, N.J. : _bPrentice Hall, _cc2002. |
||
| 300 |
_axii, 763 p. : _bill. ; _c27 cm. + |
||
| 505 | _aIntroduction To Communications Systems (Page-1), Noise (Page-14), Amplitude Modulation (Page-35), Single-Sideband Techniques (Page-56), Frequency Modulation (Page-79), Radio Receivers (Page-118), Transmission Lines (Page-185), Antennas (Page-255), Microwave Tubes And Circuits (Page-377), Pulse Comm. (Page-484), Digital Comm. (Page-516), Radar Systems (Page-600), Television Fundamentals (Page-648). | ||
| 650 | 0 | _aTelecommunication. | |
| 942 |
_2ddc _cBK |
||
| 999 |
_c182507 _d182507 |
||